Kirchen-Zeitung der Pfarre St. Gereon, Köln

Saved in:  
Bibliographic Details
Following Title:St. Gereon
Subtitles:Katholische Kirchen-Zeitung der Pfarre St. Gereon, Köln
Corporate Author: Pfarrei Sankt Gereon. VerfasserIn Köln (Author)
Format: Electronic Newspaper
Language:German
Check availability: HBZ Gateway
WorldCat: WorldCat
Interlibrary Loan:Für eine Fernleihe wählen Sie bitte zuerst einen Band oder Aufsatz aus.
Published: Köln Herold-Verl. 1913-1927
In:Year: 1913
Further subjects:B Newspapers
Online Access: Volltext (Frontdoor-Url)
Volltext (kostenfrei)
Parallel Edition:Non-electronic

MARC

LEADER 00000cas a2200000 c 4500
001 815395426
003 DE-627
005 20260331095807.0
007 cr |||||||||||
008 150115d19131927xx w| n|o 0 |0ger c
016 7 |a 1064677150  |2 DE-101 
016 7 |a 2805505-6  |2 DE-600 
035 |a (DE-627)815395426 
035 |a (DE-576)424667843 
035 |a (DE-599)ZDB2805505-6 
035 |a (OCoLC)1368698364 
040 |a DE-627  |b ger  |c DE-627  |e rakwb 
041 |a ger 
044 |c XA-DXDE 
082 0 4 |a 070  |a 230  |q DE-600 
084 |a 1  |2 ssgn 
110 2 |e VerfasserIn  |0 (DE-588)5057174-6  |0 (DE-627)10408958X  |0 (DE-576)194212149  |4 aut  |a Pfarrei Sankt Gereon  |g Köln 
245 1 0 |a Kirchen-Zeitung der Pfarre St. Gereon, Köln 
246 3 3 |a Katholische Kirchen-Zeitung der Pfarre St. Gereon, Köln 
247 1 0 |a Kath. Kirchen-Zeitung der Pfarre St. Gereon, Köln  |f Hauptsacht. teils 
264 3 1 |a Köln  |b Herold-Verl.  |c 1913-1927 
300 |a Online-Ressource 
336 |a Text  |b txt  |2 rdacontent 
337 |a Computermedien  |b c  |2 rdamedia 
338 |a Online-Ressource  |b cr  |2 rdacarrier 
362 0 |a 1.1913 - 15.1927 
363 0 0 |a 1  |i 1913 
363 1 0 |i 1927  |a 15 
500 |a Gesehen am 07.01.2015 
515 |a Periodizität: wöchentl. 
530 |a Digital. Ausg.: Köln : Universitäts- und Stadtbibliothek 
533 |a Reproduktion  |n Digital. Ausg.: Köln : Universitäts- und Stadtbibliothek 
533 |a Digital. Ausg.  |b Köln  |c Universitäts- und Stadtbibliothek  |f Digitale Sammlungen der Universitäts- und Stadtbibliothek Köln  |7 cuuuuuuuu|||||| 
655 7 |a Zeitung  |0 (DE-588)4067510-5  |0 (DE-627)106108832  |0 (DE-576)209170026  |2 gnd-content 
751 |a Köln  |0 (DE-588)4031483-2  |0 (DE-627)106265458  |0 (DE-576)208992669  |4 dbp 
776 0 8 |i Elektronische Reproduktion von  |a Pfarrei Sankt Gereon (Köln)  |t Kirchen-Zeitung der Pfarre St. Gereon, Köln  |d Köln : Herold-Verl., 1913  |w (DE-627)170891763  |w (DE-600)1122920-2  |w (DE-576)9170891761  |k Non-Electronic 
785 0 0 |i Forts.  |a Pfarrei Sankt Gereon (Köln)  |t St. Gereon  |d Köln : Herold-Verl., 1928  |h Online-Ressource  |w (DE-627)815395639  |w (DE-600)2805533-0  |w (DE-576)424667886  |k Electronic 
856 4 0 |u https://doi.org/10.58016/retro_2805505-6_000000  |x Digitalisierung; 1.1913 - 15.1927; L=3.1915; 5.1917: USB-Bestand  |z kostenfrei  |7 0 
856 4 0 |u https://ezb.ur.de/?2805505-6  |x Frontdoor-Url  |7 1 
935 |c zt 
935 |h SWB  |i ld 
951 |a JT 
ELC |a 1 
OAS |a 1 
ORI |a TA-MARC-ixtheo_oa001.raw